000 00531nam a2200181Ia 4500
001 24311
005 20260414151034.0
008 260414t2023||||xx |||||||||||||| ||spa||
041 _aESP
082 _a345.2
_bV67M
100 _aVillegas Paiva, Elky Alexander,
_eAUT
245 0 _aLos medios técnicos de defensa en el proceso penal peruano :
_bxcepciones, cuestiones previas y cuestiones prejudiciales
260 _c2023
300 _a319 páginas :
_c25 cm.
650 _aDER
654 _aCDE
942 _cLIB
_dJUS
_fJUS
_2ddc
_n
999 _c24311
_d24311